Przejdź do treści

Византийские монеты. Вып.5

Классическое произведение, относящееся к общественному достоянию.

Zapisane w:
Opis bibliograficzny
1. autor: Толстой И. И.
Format: Книга
Język:Russian
Wydane: Санкт-Петербург Лань 2013
Hasła przedmiotowe:
Dostęp online:http://e.lanbook.com/books/element.php?pl1_cid=25&pl1_id=32085
https://e.lanbook.com/img/cover/book/32085.jpg
Etykiety: Dodaj etykietę
Nie ma etykietki, Dołącz pierwszą etykiete!
LEADER 01102nam0a2200253 i 4500
001 32085
003 RuSpLAN
005 20221220173915.0
008 221220s2013 ru gs 000 0 rus
020 |a 978-5-507-31082-1 
040 |a RuSpLAN 
041 0 |a rus 
044 |a ru 
245 0 0 |a Византийские монеты. Вып.5  |c Толстой И. И. 
260 |a Санкт-Петербург  |b Лань  |c 2013 
300 |a 139 с. 
504 |a Библиогр.: доступна в карточке книги, на сайте ЭБС Лань 
520 8 |a Классическое произведение, относящееся к общественному достоянию. 
521 8 |a Книга из коллекции Лань - Социально-гуманитарные науки 
653 0 |a социально-гуманитарные науки 
100 1 |a Толстой И. И. 
856 4 |u http://e.lanbook.com/books/element.php?pl1_cid=25&pl1_id=32085 
856 4 8 |u https://e.lanbook.com/img/cover/book/32085.jpg 
953 |a https://e.lanbook.com/img/cover/book/32085.jpg 
Cannot write session to /tmp/vufind_sessions/sess_hl5fbpg0abo2o7jo9vij7bds2k